[Event "1st Irena Warakomska Memorial"]
[Site "Suwalki"]
[Date "2017.08.13"]
[Round "3"]
[White "Paszewski, Mateusz"]
[Black "Kveinys, Aloyzas"]
[Result "0-1"]
[WhiteElo "2321"]
[BlackElo "2548"]
[Annotator "TA"]
[PlyCount "78"]
[EventDate "2017.??.??"]
[EventType "swiss"]
[EventCountry "POL"]
[SourceTitle "playchess.com"]
[Source "ChessBase"]
[SourceQuality "1"]

{[%evp 23,78,15,26,0,20,-53,-56,-135,-127,-111,-130,-105,-93,-91,-72,-89,-98,-176,-148,-157,-147,-126,-151,-135,-143,-279,-163,-308,-232,-435,-154,-266,-266,-258,-250,-252,-243,-247,-264,-262,-31,-435,-456,-638,-636,-623,-626,-1293,-1284,-1779,-1688,-29990,-29991,-29991,-29990,-29990,-29991]} 1. e4 c5 2. Nf3 Nc6 3. Bb5 g6 4. Bxc6 bxc6 5. O-O Bg7 6. Re1 Nh6 7. c3 {[%cal Bc2c3,Bc3d4,Bd4d5][%mdl 32]} O-O 8. h3 f6 9. d4 cxd4 10. cxd4 d6 11. Nc3 Nf7 12. d5 c5 13. Qc2 {B31: Sicilian: 2...Nc6 3 Bb5 g6} (13. b3 Qe8 14. Nd2 f5 15. Bb2 Ne5 16. Nf3 Nxf3+ 17. Qxf3 fxe4 18. Qe2 e3 19. fxe3 a5 20. Qd2 Ba6 {0-1 (36) Schlawin,M (2341)-Schebler,G (2471) Werther 2006}) 13... Rb8 $146 ({Predecessor:} 13... e5 14. dxe6 Bxe6 15. Bf4 Qb6 16. Rad1 Rfd8 17. Nd5 Bxd5 18. exd5 Re8 19. Re6 Rxe6 20. dxe6 Ne5 21. Bxe5 fxe5 22. Qc4 Bf6 23. e7+ Kg7 24. Qe6 Re8 25. Rxd6 {1-0 (25) Grichkevitch,G (2171)-Oliver Serrano,A (2094) Calvia 2007}) 14. Nd2 (14. b3 $11) 14... f5 $15 15. f4 (15. Nf3 $15) 15... e5 $17 16. dxe6 Bxe6 17. Nf3 Re8 18. e5 dxe5 19. fxe5 g5 20. h4 (20. Be3 $17) 20... h6 {[%cal Bh7h6,Bh6g5,Bg5g4][%mdl 32] Threatens to win with ...g4.} 21. hxg5 hxg5 22. Be3 g4 23. Rad1 Qe7 24. Nd2 (24. Nh2 $17 {keeps fighting.}) 24... Bxe5 (24... c4 $142 25. Bf2 Nxe5) 25. Na4 (25. Nf1 {was forced.}) 25... Qf6 $19 26. b3 $2 (26. Nxc5 {was the only defense.} Rxb2 27. Qa4) 26... Bg3 $2 (26... f4 $19 {is more deadly.} 27. Bf2 Bf5) 27. Nf1 (27. Re2 $17) 27... Bxe1 28. Rxe1 {[#]} c4 $1 {[%cal Rc4b3]} 29. Nc5 (29. bxc4 Rb4) 29... cxb3 30. axb3 Rbd8 31. Qf2 Bd5 $2 (31... Bc8 $19 {White must now prevent ...f4!} 32. Bd4 Qd6) 32. Ng3 $2 {[%mdl 8192] [#]} ({White has to play} 32. Bd4 $15 Qg6 33. Rxe8+ Rxe8 34. Nd7) 32... f4 $1 33. Nh5 (33. Bxf4 Rxe1+) 33... Qg5 34. Nxf4 {intending Nfe6.} g3 35. Qd2 Bc6 36. Qc3 Qh6 37. Kf1 Bb5+ {Black mates.} 38. Ncd3 {[#]} Rxe3 $1 {[%mdl 512]} 39. Rxe3 Qxf4+ {Precision: White = 24%, Black = 69%.} 0-1

[Event "1st Irena Warakomska Memorial"]
[Site "Suwalki"]
[Date "2017.08.13"]
[Round "3"]
[White "Walter, Szymon"]
[Black "Zawadzka, Jolanta"]
[Result "1-0"]
[WhiteElo "2194"]
[BlackElo "2420"]
[Annotator "TA"]
[PlyCount "69"]
[EventDate "2017.??.??"]
[EventType "swiss"]
[EventCountry "POL"]
[SourceTitle "playchess.com"]
[Source "ChessBase"]
[SourceQuality "1"]

{[%evp 14,69,-15,-14,-34,-8,20,-30,-16,-18,-11,-42,-27,-44,55,33,50,38,64,59,67,60,77,53,65,35,74,73,95,72,87,78,117,112,107,29,27,50,44,46,140,147,425,432,447,409,700,686,1508,1477,6325,6237,29985,29986,29986,29987,29986,29987]} 1. e4 c5 2. Nc3 Nc6 3. f4 g6 4. Nf3 Bg7 5. Bb5 Nd4 6. O-O a6 7. Bc4 {B23: Closed Sicilian: Lines without g3} (7. Bd3 Nc6 8. e5 d6 9. Qe2 dxe5 10. fxe5 Nh6 11. Kh1 Bg4 12. Be4 Rc8 13. d3 Nf5 14. e6 f6 15. Qf2 {1-0 (37) Petrosian,T (2648)-Jaracz,P (2548) Warsaw 2012}) 7... e6 8. d3 {LiveBook: 9 Games} b5 9. Bb3 $1 {Black is slightly better.} Ne7 10. Nxd4 Bxd4+ 11. Kh1 Bb7 12. Qe1 f5 13. e5 Bxc3 (13... g5 $1 $15) 14. bxc3 $146 {[%cal Bb2c3,Bc3c4][%mdl 32]} ({Predecessor:} 14. Qxc3 Rc8 {0-1 (63) Thalmeier,B (2026)-Horvath,R (2060) Austria 2016}) 14... Qc7 {aiming for ...c4.} 15. c4 b4 16. a3 a5 $1 17. axb4 cxb4 18. Ba4 O-O 19. Be3 Rfb8 20. Qh4 Nc8 21. Qf6 Nb6 22. Bb5 $36 {[%mdl 2048] White is on the roll.} Bc6 23. Bxc6 $1 Qxc6 24. Rf3 (24. h4 $1 $16) 24... Rf8 25. Qe7 Na4 26. Bd4 Ra6 ({Black should play} 26... Nc3 $14) 27. h4 $16 {h5! is the strong threat.} Rf7 $2 {[%mdl 8192] [#]} (27... Raa8 $16 {was worth a try.} 28. h5 Rf7) 28. Qd8+ $1 $18 Rf8 {[#]} 29. Qg5 $1 Kf7 (29... Rf7 $142 30. h5 Ra8 31. hxg6 Rg7) 30. h5 Ke8 31. hxg6 hxg6 32. Rh3 ({Weaker is} 32. Qxg6+ Kd8 $16) 32... Nb6 33. Bxb6 {White mates.} Qxb6 34. Rh7 {[%csl Gh7][%cal Rg5e7]} Qc5 35. d4 {Precision: White = 64%, Black = 15%.} 1-0

[Event "1st Irena Warakomska Memorial"]
[Site "Suwalki"]
[Date "2017.08.13"]
[Round "3"]
[White "Paprocki, Jaroslaw"]
[Black "Sagar, Shah"]
[Result "0-1"]
[WhiteElo "2183"]
[BlackElo "2397"]
[Annotator "TA"]
[PlyCount "256"]
[EventDate "2017.??.??"]
[EventType "swiss"]
[EventCountry "POL"]
[SourceTitle "playchess.com"]
[Source "ChessBase"]
[SourceQuality "1"]

{[%evp 9,256,-10,-16,-29,-19,-39,-34,-38,-45,-43,-14,-55,-51,-41,-47,-54,-51,-58,-16,-25,-31,-89,-97,-77,-95,-109,-99,-128,-129,-143,-162,-156,-155,-155,-48,-100,-40,-40,-37,-39,-6,-7,0,0,0,0,0,0,0,0,0,0,0,0,0,-78,-66,-70,-17,-29,0,0,0,0,0,0,0,0,0,0,0,0,0,0,0,0,0,0,0,0,0,0,0,0,0,-78,0,0,0,0,0,0,0,0,0,0,0,0,0,-16,0,0,0,-12838,-12839,-12839,-12839,-12845,-12845,-12845,-12846,-12846,-12847,-12848,-12846,-12846,-12847,-12847,-12846,-12850,-12850,-12850,-12843,-12844,-12843,-12843,-12843,-12844,-12843,-12844,0,-12843,-12843,-12849,-12849,-12850,-12847,-12850,-12850,-12850,0,-12848,-12848,-12849,-12848,-12850,-12850,-12850,-12848,-12850,-12848,-12849,-12849,-12850,-12847,-12850,-12850,-12850,-12846,-12846,-12847,-12848,-12848,-12850,-12849,-12850,-12850,-12850,-12849,-12850,0,-12849,0,-12850,-12850,-12850,-12850,-12850,-12843,-12848,0,-12850,-12850,-12850,-12850,-12850,-12851,-12851,-12851,-12851,-12851,-12851,-12851,-12851,-12851,-12851,-12851,-12851,-12851,-12851,-12851,-12851,-12851,-12851,-12851,-12851,-12851,-12851,-12851,-12851,-12851,-12851,-12851,-12851,-12851,-12851,-12851,-12851,-12851,-12851,-12851,-12851,-12851,-12851,-12851,-12851,-12851,-12851,-12851,-12851,-12851,-12851,-12851,-12851,-12851,-12851,-12851,-12851,-12851,-12851,-12851,-12851,-12851,-12851,-29992,-12851,-29988,-29997,-29998]} 1. c4 e5 2. Nc3 Nf6 3. g3 h6 4. Bg2 Bb4 5. a3 (5. Qb3 a5 6. a3 Bxc3 7. Qxc3 Qe7 8. Nf3 d6 9. b3 O-O 10. Bb2 c5 11. d3 Nc6 12. e3 {½-½ (68) Hou,Y (2658)-Inarkiev,E (2732) Petropavlovsk Kamchatsky 2016}) 5... Bxc3 $1 6. dxc3 {A20: English Opening: 1...e5} O-O 7. e4 d6 8. Ne2 {Black is slightly better.} Be6 $146 ({Predecessor:} 8... a5 9. a4 Nbd7 10. f3 Nb6 11. b3 Re8 12. Be3 Be6 13. Rb1 c6 14. c5 dxc5 15. Bxc5 Qxd1+ 16. Kxd1 {0-1 (69) Riedel,H (2144)-Seyb,D (2224) Kitzingen 1980}) 9. b3 Qc8 10. h3 a6 11. a4 Nbd7 {[%cal Bb8d7,Bd7c5,Bc5e4,Be4g5,Bg5e6][%mdl 32]} 12. Be3 Nc5 13. Qc2 Bd7 (13... b5 $5 14. Bxc5 dxc5 $11) 14. g4 {[#]} Ncxe4 $1 {[%mdl 512]} 15. O-O ({Much worse is} 15. Bxe4 Nxe4 16. f3 (16. Qxe4 $2 Bc6 $19) 16... Nf6 $17) (15. h4 $1 $15) 15... Bc6 $17 16. f3 Ng5 17. Ng3 Re8 18. h4 Ne6 19. g5 hxg5 20. hxg5 Nh7 21. Bh3 g6 (21... Qd8 $17 {Threatens to win with ...Nf4.} 22. g6 Nhg5 23. gxf7+ Nxf7) 22. Ne4 {[#]} ({Better is} 22. Qh2 $15) 22... Qd8 (22... Kg7 $1 $17) 23. Bxe6 $1 $15 Rxe6 24. Qg2 Qe7 25. Ra2 Rf8 (25... Bxe4 $5 26. fxe4 f6 $11) 26. Qg4 Bxe4 27. fxe4 f6 {[%cal Rf6g5]} 28. Rh2 Rf7 {[%cal Rf6g5]} 29. Qh3 fxg5 30. Rxf7 Qxf7 {[#]} 31. Bxg5 $1 {[%mdl 512]} Re8 (31... Nxg5 32. Qh8#) 32. Bh6 (32. Bf6 $11) 32... Qe6 33. Qh4 {aiming for Bg7!} Re7 (33... Qf6 $15 34. Qg4 g5) 34. Rf2 $11 {[#]} g5 $1 {[%mdl 512]} 35. Qh5 (35. Bxg5 Rg7) 35... Rf7 36. Rg2 Qf6 37. Bxg5 Nxg5 38. Rxg5+ {[%mdl 4096] Endgame KQR-KQR} Rg7 39. Qe8+ Kh7 40. Rxg7+ Qxg7+ {KQ-KQ} 41. Kf2 Kh6 42. Qc8 Qf7+ 43. Ke1 Qf3 44. Qxb7 Qxc3+ 45. Ke2 Qc2+ 46. Ke3 Kg5 47. Qxa6 {[#]} (47. Qxc7 $11 {keeps the balance.} Qxb3+ 48. Kf2) 47... Qxb3+ (47... Qc3+ $1 $17 48. Kf2 Qd2+ 49. Kf1 Qd3+ 50. Kf2 Qc2+ 51. Ke1 Qb1+ 52. Kd2 Qb2+ 53. Ke1 Qc3+ 54. Kf2 Qc2+ 55. Ke1 Qxb3) 48. Kd2 $1 Qb2+ 49. Kd1 $1 Qd4+ (49... Kf4 $5 {[%cal Rf4e3]} 50. Qb5 Qc3 $17) 50. Kc1 $1 Qxe4 {And now ...Qe1+ would win.} 51. a5 Qe3+ 52. Kc2 Qe2+ (52... d5 $5 53. cxd5 Qe4+ 54. Kb2 Qb4+ 55. Kc2 Qc5+ 56. Kb2 Qd4+ 57. Ka3 Qc3+ 58. Ka4 e4 $11) 53. Kb3 Qd3+ 54. Kb2 e4 55. Qb5+ $1 Kf4 (55... Kh4 $5 {[%cal Re4e3]} 56. Qb3 Qxb3+ 57. Kxb3 e3 $17) 56. Qd5 $2 {[%mdl 8192]} (56. a6 $11) 56... Qxd5 $19 57. cxd5 {K3P-KPP} e3 58. a6 e2 59. a7 e1=Q 60. a8=Q {KQ-KQ} Qb4+ 61. Ka1 Qc3+ 62. Kb1 Ke4 63. Qg8 Qc5 64. Qe6+ Kd4 65. Qf7 Kc4 66. Kc2 Kb4+ 67. Kd3 Qc3+ 68. Ke2 Qc2+ 69. Ke3 Qc5+ 70. Kd3 $1 Kb3 71. Ke2 Kc4 72. Ke1 Qe3+ 73. Kf1 Qd3+ 74. Ke1 Qe3+ 75. Kf1 Qc1+ 76. Kf2 Kd4 77. Kg2 Qg5+ 78. Kf2 Qe3+ 79. Kg2 Qd2+ 80. Kf3 Qc3+ 81. Kf2 Ke4 82. Kg2 Qd2+ 83. Kh3 Qh6+ 84. Kg4 Qc1 85. Qf5+ Kd4 86. Qf7 Qg1+ 87. Kh3 Qh1+ 88. Kg3 Qe1+ 89. Kg2 Qd2+ 90. Kf3 $1 Qc3+ 91. Kf2 $1 Qc5 92. Kg3 Kc4 93. Kh2 Kd3 94. Kg2 Kd4 $2 ({Black should try} 94... Ke4 $19 {Strongly threatening ...Qc4.} 95. Kh3 Qc1) 95. Kf2 $2 {[%mdl 8192]} (95. Kg3 $11 Qc4 96. Kh3) 95... Qc4 96. Kg3 c6 97. Qf2+ Kxd5 98. Qf7+ Kd4 99. Qf4+ Kc5 100. Qf8 Qd3+ 101. Kf2 Qd4+ 102. Ke1 Kc4 103. Qa8 Qe3+ 104. Kd1 Qb3+ 105. Ke1 Qe3+ 106. Kd1 c5 107. Qa4+ Kd5 108. Qa8+ Kd4 109. Qh8+ Qe5 110. Qb8 Qh5+ 111. Kc1 Qg5+ 112. Kc2 Qf5+ 113. Kb2 Qf2+ 114. Ka3 d5 115. Qa7 Qf3+ 116. Ka2 Qe2+ 117. Ka3 Qd3+ 118. Ka2 Qc4+ 119. Ka1 Qc3+ 120. Ka2 Qb4 121. Qg7+ Kc4 122. Qg4+ d4 {[%cal Bd5d4,Bd4d3][%mdl 32]} 123. Qe6+ Kb5 124. Qe8+ Kc4 {( -> ...d3)} 125. Qe6+ Kc3 {[%csl Gc3][%cal Rb4b2]} 126. Qh3+ d3 {[%csl Gc3][%cal Rb4b2]} 127. Qh8+ Qd4 (127... Kc2 $19 128. Qh2+ d2 129. Qh7+ Kc1 130. Qh1+ d1=Q 131. Qh6+ Qdd2+ 132. Qxd2+ Kxd2 133. Ka1 Kc2 134. Ka2 Qb2#) 128. Qa8 Qf2+ {Precision: White = 57%, Black = 47%.} 0-1

[Event "1st Irena Warakomska Memorial"]
[Site "Suwalki"]
[Date "2017.08.13"]
[Round "3"]
[White "Krzywda, Andrzej"]
[Black "Zylka, Stanislaw"]
[Result "0-1"]
[WhiteElo "2173"]
[BlackElo "2368"]
[Annotator "TA"]
[PlyCount "132"]
[EventDate "2017.??.??"]
[EventType "swiss"]
[EventCountry "POL"]
[SourceTitle "playchess.com"]
[Source "ChessBase"]
[SourceQuality "1"]

{[%evp 21,132,2,1,0,1,2,11,-27,-21,-22,-20,-40,-28,-23,-49,-94,-73,-217,-235,-234,-215,-210,-152,-272,-204,-366,-355,-375,-359,-358,-319,-579,-185,-131,-135,-100,-128,-122,0,0,93,78,484,182,195,191,643,-42,-33,-103,-103,-101,-102,-120,-94,-103,-94,-130,-132,-152,-146,-159,-161,-151,-147,-150,-127,-411,-372,-372,-372,-665,-639,-787,-763,-698,-606,-477,0,-635,-641,-1406,-1350,-1898,-1746,-6195,-12835,-12841,-12842,-12843,-12843,-12844,-12844,-12845,-12845,-12846,-12847,-12846,-12847,-12848,-12848,-12849,-12849,-12850,-12850,-12851,-29986,-29986,-29987,-29987,-29988,-29988,-29989]} 1. e4 e5 2. Nf3 Nc6 3. Bc4 Bc5 4. c3 Nf6 5. d3 d6 6. O-O a6 7. Nbd2 O-O 8. Bb3 h6 9. h3 Be6 10. Re1 Re8 11. Bc2 Ba7 12. Nf1 {C54: Giuoco Piano: 4 c3 Nf6, main lines with 5 d4 and 5 d3} d5 13. exd5 Nxd5 {[#]} 14. N1h2 $146 {The position is equal.} ({Predecessor:} 14. Ng3 Qd6 15. Nh4 Qd7 16. Qf3 Qe7 17. Nhf5 Qf8 18. Bb3 Rad8 19. Nh5 Bxf5 20. Qxf5 {½-½ (98) Giri,A (2778)-So,W (2767) Bilbao 2015}) 14... Qd6 15. Ng4 {[%cal Rg4e5]} Bf5 16. Nh4 Bh7 $1 17. Qf3 Nf4 {[%cal Rf4d3]} 18. Qg3 g5 $36 {[%mdl 2048] Black is really pushing.} 19. Ne3 (19. Nf3 $17) 19... Kh8 $19 (19... Nxd3 20. Nhf5 $14) (19... Bxd3 20. Nef5 $11) 20. Nf3 Bxd3 21. Bxd3 Qxd3 22. Qg4 (22. Ng4 $17 Ne2+ 23. Rxe2 Qxe2 24. Nxh6) 22... Re6 23. h4 $2 (23. Rd1 Qh7 24. Qf5) 23... h5 24. Qg3 gxh4 25. Qxh4 Rg8 26. Nxe5 $2 (26. g3 {was the only chance.}) 26... Ne2+ $2 (26... Rxe5 $2 27. Qf6+ Rg7 28. Qh6+ Qh7 29. Qxf4 $17) (26... Nxe5 27. Qxf4 Bxe3 28. Bxe3 Rg4) 27. Rxe2 Qxe2 28. Nxf7+ Kg7 29. Ng5 {[#]} Re5 (29... Rg6 $1 $17 {aiming for ...Rf8.} 30. Nf5+ Kf8) 30. Nf3 $1 $11 {[%cal Rf3e5]} Bxe3 (30... Rf8 $1 $11 {keeps the balance.} 31. Nxe5 Nxe5 32. Qg5+ (32. Qe7+ Kg8 $11) 32... Kh7) 31. Bxe3 $16 Rf5 $2 {[%mdl 8192]} (31... Rxe3 $16 {is a better chance.} 32. fxe3 Qxe3+ 33. Kh1 Qe7) 32. Re1 $2 (32. Qe4 Qb5 33. Rd1 (33. Qe6 Qd5 $11)) 32... Qd3 $18 33. Nd4 {Threatens to win with Nxc6.} Rf6 $2 (33... Kh7) 34. Qg5+ $2 (34. Nxc6 $18 Rxc6 35. Qxh5) 34... Qg6 $15 35. Nxc6 ({Better is} 35. Qd5 $15 Kh7 36. g3) 35... Qxg5 $17 ({Much worse is} 35... bxc6 $6 36. Qe5 $11) 36. Bxg5 Rxc6 $15 {[%mdl 4096] Endgame KRR-KRB} 37. Be3 Re8 38. Rd1 Rd6 39. Rxd6 cxd6 $17 {KR-KB} 40. Kh2 Kg6 41. Kg3 Re4 42. Kf3 Kf5 43. g3 d5 44. Bb6 $2 {[%mdl 8192] [#]} (44. Ke2 $17) 44... Re1 $1 $19 {[%cal Re1a1]} 45. a4 Rc1 46. Bc5 $2 (46. Bd4 Ra1 47. Ke3) 46... Rc2 47. Ba3 a5 48. Ke3 Ke5 49. Kf3 Kf5 50. Ke3 Kg4 51. Kd4 Rxf2 52. Bd6 Rxb2 53. Bc7 Ra2 54. Kxd5 Rxa4 55. Kc5 Ra3 56. Be5 Rb3 57. c4 a4 58. Kd6 a3 59. c5 a2 60. Kc7 Rb1 61. Kc8 a1=Q 62. Bxa1 Rxa1 63. Kxb7 Kxg3 64. c6 {Black mates.} Rc1 65. c7 {[#]} Rxc7+ $1 66. Kxc7 h4 {Precision: White = 32%, Black = 62%.} 0-1

[Event "1st Irena Warakomska Memorial"]
[Site "Suwalki"]
[Date "2017.08.13"]
[Round "4"]
[White "Tomczak, Jacek"]
[Black "Vetoshko, Volodymyr"]
[Result "1/2-1/2"]
[WhiteElo "2598"]
[BlackElo "2517"]
[Annotator "TA"]
[PlyCount "81"]
[EventDate "2017.??.??"]
[EventType "swiss"]
[EventCountry "POL"]
[SourceTitle "playchess.com"]
[Source "ChessBase"]
[SourceQuality "1"]

{[%evp 13,81,2,0,-4,14,6,13,12,2,9,12,0,0,0,3,0,0,-17,0,-7,0,0,0,0,18,19,22,8,20,8,20,15,23,17,14,0,0,0,0,-35,-8,-5,0,-18,-24,-18,0,-27,-30,-30,-44,-33,-6,-9,-12,-12,0,0,0,0,0,0,0,0,0,0,0,8,21,15]} 1. e4 e5 2. Nf3 Nc6 3. Bb5 a6 4. Ba4 Nf6 5. Bxc6 dxc6 6. d3 Bd6 7. Nbd2 Be6 8. b3 {C77: Ruy Lopez: 3...a6 4 Ba4 Nf6, unusual lines} (8. O-O O-O 9. b3 Nd7 10. Bb2 b5 11. d4 f6 12. h3 c5 13. d5 Bf7 14. a4 Nb6 15. c4 c6 {½-½ (59) Nakamura,H (2708)-Carlsen,M (2810) Wijk aan Zee 2010}) 8... c5 9. Bb2 Nd7 {[%cal Bf6d7,Bd7b8,Bb8c6,Bc6d4][%mdl 32]} 10. Nc4 {[%cal Rc4e5]} f6 11. Nh4 g6 12. g3 Qe7 13. Qd2 O-O-O 14. O-O-O Nb8 15. f4 {[%cal Rf4e5]} Bxc4 16. bxc4 Nc6 $146 17. Ng2 Nd4 18. Rhf1 Rhf8 19. Ne3 Qg7 20. Rf2 f5 {[#] White must now prevent ...exf4.} 21. fxe5 $1 Qxe5 22. exf5 gxf5 23. Rdf1 {Black should prevent Nxf5!} Qe6 $1 24. c3 f4 25. gxf4 Nf5 $1 {[%cal Rf5e3]} 26. Nc2 Be7 27. Re2 Qd7 28. Ne3 Nxe3 29. Qxe3 Bd6 30. Qe6 Qxe6 31. Rxe6 Bxf4+ 32. Kc2 Bd6 (32... h5 {keeps more tension.} 33. Rf2 Bd6 34. Rfe2 Rf3 35. h4 Rh3) 33. Rxf8 {The position is equal.} Rxf8 $11 {[%mdl 4096] Endgame KRB-KRB} 34. h4 Rf2+ 35. Kb3 h5 36. Rh6 Rf5 37. Bc1 Be7 38. Bg5 Bxg5 39. Rxh5 Rf3 {[#] Hoping for ...Bf6.} 40. Rxg5 b6 41. Kc2 {Precision: White = 70%, Black = 71%.} 1/2-1/2

[Event "1st Irena Warakomska Memorial"]
[Site "Suwalki"]
[Date "2017.08.13"]
[Round "4"]
[White "Sadzikowski, Daniel"]
[Black "Leniart, Arkadiusz"]
[Result "1/2-1/2"]
[WhiteElo "2594"]
[BlackElo "2480"]
[Annotator "TA"]
[PlyCount "69"]
[EventDate "2017.??.??"]
[EventType "swiss"]
[EventCountry "POL"]
[SourceTitle "playchess.com"]
[Source "ChessBase"]
[SourceQuality "1"]

{[%evp 17,69,20,14,21,36,21,54,53,64,49,46,51,66,46,87,71,66,56,95,84,87,99,152,156,146,160,166,112,126,54,74,16,13,21,23,13,89,-8,0,0,0,0,0,0,0,0,0,0,0,0,29,29,22,16]} 1. e4 e5 2. Nf3 Nc6 3. Bc4 Nf6 4. d3 Bc5 5. O-O d6 6. c3 Bb6 7. Bb3 h6 8. Nbd2 {C54: Giuoco Piano: 4 c3 Nf6, main lines with 5 d4 and 5 d3} a6 (8... Bg4 9. Nc4 Qd7 10. Be3 Bh5 11. d4 O-O 12. d5 Ne7 13. Bc2 Ng6 14. Bd3 Rae8 15. Re1 Bxe3 16. Nxe3 Nf4 17. Bc2 Nh7 18. h4 {0-1 (30) Van Foreest,J (2601)-Ernst,S (2535) Vlissingen 2016}) 9. Re1 O-O {LiveBook: 3 Games} 10. Nf1 Nh5 $146 ({Predecessor:} 10... Be6 11. Be3 Re8 12. Bxb6 cxb6 13. Ne3 b5 14. Bxe6 Rxe6 15. Nd5 Ne7 16. Nxf6+ Rxf6 {1-0 (39) Vocaturo,D (2489)-Bezgodov,A (2497) Thessaloniki 2010}) 11. Ne3 Nf4 12. Nc4 Ba7 13. Bxf4 exf4 14. d4 Ne7 15. a4 b5 16. axb5 axb5 17. Na3 Bd7 18. Qd2 g5 19. e5 b4 (19... Bb6 $142) 20. Nc2 $16 bxc3 21. bxc3 ({Resist} 21. Qxc3 $6 d5 $14) 21... d5 22. Nb4 (22. h4 $18) 22... Bg4 23. Qd3 ({White should play} 23. e6 $16 {Strongly threatening exf7+.} Bxe6 24. h4) 23... Bf5 $14 24. Qe2 (24. Qb5 $16) 24... c5 $11 25. dxc5 Bxc5 26. Rad1 {[%cal Rb4d5]} Qb6 (26... Be6 $11) 27. Bxd5 (27. Nxd5 $16 Nxd5 28. Bxd5) 27... Rad8 28. e6 fxe6 $1 29. Bxe6+ Bxe6 30. Rxd8 Rxd8 31. Qxe6+ Qxe6 32. Rxe6 g4 33. Ne1 {Black must now prevent Nbd3.} g3 34. hxg3 fxg3 35. Kf1 {Precision: White = 58%, Black = 47%.} 1/2-1/2

[Event "1st Irena Warakomska Memorial"]
[Site "Suwalki"]
[Date "2017.08.13"]
[Round "4"]
[White "Czarnota, Pawel"]
[Black "Walter, Szymon"]
[Result "1-0"]
[WhiteElo "2577"]
[BlackElo "2194"]
[Annotator "TA"]
[PlyCount "97"]
[EventDate "2017.??.??"]
[EventType "swiss"]
[EventCountry "POL"]
[SourceTitle "playchess.com"]
[Source "ChessBase"]
[SourceQuality "1"]

{[%evp 18,97,0,0,2,0,12,0,6,0,0,-13,0,0,0,1,8,8,18,0,0,0,0,0,0,-79,0,-7,18,-98,-100,-104,-99,-157,-64,-135,-66,-216,0,-107,0,0,-8,-64,-43,-53,-42,-45,-22,-35,-14,-262,0,0,0,10,31,31,99,0,0,0,26,43,32,36,40,-151,37,29,40,0,0,0,34,33,99,26,40,6,301,301]} 1. e4 c5 2. Nf3 e6 3. d4 cxd4 4. Nxd4 Nf6 5. Nc3 Nc6 6. Nxc6 bxc6 7. Bd3 d5 8. O-O Be7 9. Re1 O-O 10. Qf3 {LiveBook: 7 Games} Re8 {B40: Sicilian: 2...e6, Unusual lines} 11. Bf4 Bb7 $146 ({Predecessor:} 11... Qb6 12. e5 Nd7 13. Na4 Qa5 14. b3 Ba6 15. c4 dxc4 16. Be4 Rac8 17. Re3 g6 18. Qg3 {1-0 (51) Saric,I (2413)-Kuljasevic,D (2413) Rabac 2004}) 12. Qh3 {Black should prevent e5.} g6 $1 {The position is equal.} 13. Rad1 Qb6 14. e5 Nd7 15. b3 Rad8 16. Na4 Qc7 17. Qg3 c5 18. c4 dxc4 19. Bxc4 Nb6 20. Nxb6 {aiming for Na4.} axb6 21. Rd6 (21. Bg5 $11) 21... Bc6 (21... Bxd6 22. exd6 Qc6 23. a4 $11) ({Better is} 21... b5 $1 $17 {[%cal Rb5c4]} 22. Bf1 (22. Rxd8 Rxd8 23. Be2 c4 $17) 22... c4) 22. a4 Qb7 23. Bf1 (23. Bg5 $11 {keeps the balance.} Bxd6 24. exd6) 23... Bxd6 $17 24. exd6 f6 $1 25. Rd1 (25. Bh6 $142) 25... Bd5 (25... e5 $17 26. Bh6 Kh8) 26. Bh6 ({White should play} 26. Bb5 $15) 26... Kf7 (26... Rd7 $17 27. Bb5 Bc6) 27. Qh4 ({White should try} 27. Bb5 $15) 27... g5 $2 (27... Rh8 $19 28. b4 Rxd6) 28. Qh5+ $1 $11 Kg8 29. Bb5 Qf7 30. Bxe8 (30. Qe2 $1 $11) 30... Rxe8 31. Qh3 Qg6 {White must now prevent ...Rd8.} 32. f4 g4 33. Qe3 Qf5 34. Qe2 $2 (34. a5 $11) 34... Rd8 $2 (34... Kf7 $1 $19 {Threatens to win with ...Rd8.} 35. h3 Qg6) 35. Rxd5 $1 exd5 {[%mdl 4096] Endgame KQR-KQB} 36. Qe7 $36 {[%csl Gh6][%cal Re7g7][%mdl 2048] White has some pressure.} Qd7 {...Qxe7 is the strong threat.} 37. Qxf6 Re8 (37... d4 $14) 38. Qg5+ (38. f5 $1 $16) 38... Kh8 39. Qf6+ Kg8 40. f5 d4 {[%cal Bd5d4,Bd4d3][%mdl 32]} 41. Kf2 {[%mdl 1024] White has compensation.} d3 $1 42. Bf4 $2 {[#]} (42. Kg3 $14 {keeps the upper hand.}) 42... Qf7 $2 (42... Qg7 $1 $17 43. Qg5 Kf8 44. Qxg7+ Kxg7) 43. Qg5+ $14 Kf8 {Black wants to play ...Qg7.} 44. Qh6+ Kg8 45. Qg5+ Kf8 {With the idea ...Qg7.} 46. Kg3 Re2 {[#]} (46... Re4 $14) 47. Qd8+ (47. a5 $1 $16) 47... Re8 $1 $11 {[%cal Re8d8]} 48. Qxb6 Qxf5 $2 {[%mdl 8192]} (48... d2 $1 $11 49. Bxd2 Qxf5) 49. Qc7 {Precision: White = 31%, Black = 42%.} 1-0